| 000 | 00706nam a2200217 a 4500 | ||
|---|---|---|---|
| 001 | 000020848 | ||
| 005 | 20250429112052.0 | ||
| 008 | 100818s1977 mx 000 0 spa d | ||
| 040 |
_aDO-SdBNP _bspa _cBNPHU |
||
| 082 |
_a930 _bH559n, 1977 |
||
| 100 | 1 |
_aHeródoto, _943705 |
|
| 245 | 1 | 0 |
_aLos nueve libros de la historía / _cHeródoto ; traducción y estudio preliminar María Rosa Lida de Malkiel. |
| 250 | _a10a ed. | ||
| 260 |
_aMéxico : _bCumbre, _c1977. |
||
| 300 |
_aLxxi, 1-548, [1] p. ; _c21 cm. |
||
| 490 | 1 | _aLos clásicos | |
| 650 | 0 |
_aHistoria antigua _918158 |
|
| 651 | 4 |
_aGrecia _xHistoria _92389 |
|
| 700 | 1 |
_aLida de Malkiel, María Rosa, _etr. _943706 |
|
| 830 | 0 |
_aLos clásicos _943697 |
|
| 999 |
_c20351 _d20351 |
||